Riadenie a kontrola vedecko-výskumnej činnosti kandidátska dizertačná práca
Salvato in:
| Autore principale: | |
|---|---|
| Altri autori: | |
| Natura: | Libro |
| Lingua: | slovacco |
| Pubblicazione: |
Bratislava
1992
|
| Soggetti: | |
| Tags: |
Nessun Tag, puoi essere il primo ad aggiungerne!!
|
MARC
| LEADER | 00000nam a2200000 4500 | ||
|---|---|---|---|
| 001 | c003821 | ||
| 005 | 20221214090512.2 | ||
| 041 | 0 | |a slo | |
| 044 | |a SK | ||
| 245 | 1 | 0 | |a Riadenie a kontrola vedecko-výskumnej činnosti |b kandidátska dizertačná práca |c Daniel Daniš, Zdenko Laučík |
| 264 | 1 | |a Bratislava |c 1992 | |
| 300 | |a 123 s. | ||
| 610 | 2 | 0 | |a výskum |
| 610 | 2 | 0 | |a vývoj |
| 610 | 2 | 0 | |a práca vedeckovýskumná |
| 610 | 2 | 0 | |a politika vedeckotechnická |
| 610 | 2 | 0 | |a úlohy výskumné |
| 610 | 2 | 0 | |a úlohy vývojové |
| 610 | 2 | 0 | |a riziko |
| 610 | 2 | 0 | |a riadenie |
| 100 | 1 | |a Daniš, Daniel | |
| 700 | 1 | |a Laučík, Zdenko | |